| 000 | 01385nam a2200373 i 4500 | ||
|---|---|---|---|
| 001 | 196276 | ||
| 003 | ES-MaACL | ||
| 005 | 20250513063033.0 | ||
| 008 | 240823s2003 sp spa | ||
| 016 | 7 |
_abimoBNE20031090763 _2SpMaBN |
|
| 017 |
_aMU 2312-2003 _bOficina Depósito Legal Murcia |
||
| 020 | _a8485995295 | ||
| 035 | _a(OCoLC)434446414 | ||
| 035 | _a(SpMaBN)Mimo0002261771 | ||
| 035 | _a991001784919708606 | ||
| 040 |
_aSpMaBN _bspa _cSpMaBN _erdc _dES-MaACL |
||
| 080 | _a75 Monereo, Chelete (083.824) | ||
| 100 |
_aMonereo, Chelete _9238614 _eill |
||
| 245 | 1 | 0 |
_aChelete Monereo : _b(2001-2003) / _cChelete Monereo; fotografías de Pablo Almansa |
| 260 |
_a[Murcia] : _bGodoy, _c[2003]. |
||
| 300 |
_a99 p., 11 h. de lám. : _bprincipalmente il. col. ; _c23 cm. |
||
| 336 |
_2rdacontent _atexto |
||
| 337 |
_2rdamedia _asin mediación |
||
| 338 |
_2rdacarrier _avolumen |
||
| 546 | _aTextos en español e inglés | ||
| 600 | 0 |
_aMonereo, Chelete- _vExposiciones _2embne _9238615 |
|
| 700 |
_aAlmansa, Pablo _epht _9240355 |
||
| 852 |
_aES-MaACL _cDEPOJ _jN-9330 _hDonación: Editorial _xEncuadernación cartoné con sobrecubiertas _9205401 |
||
| 942 |
_cMONOGRAFIA _n0 |
||
| 999 |
_c196276 _d196276 |
||